| 000 | 01130nam a2200241Ia 4500 | ||
|---|---|---|---|
| 999 |
_c34823 _d34823 |
||
| 001 | 634 | ||
| 003 | GE_BSU | ||
| 005 | 20230606114451.0 | ||
| 008 | 181216s2009||||ge |||||||||||||| ||geo|| | ||
| 020 | _a978994101256 | ||
| 040 | _cGE_BSU | ||
| 041 | _ageo | ||
| 080 | _a005.96 ლ-81 | ||
| 100 |
_aლომაია, ც. _918510 |
||
| 245 |
_aადამიანური რესურსების მენეჯმენტი= Management of human resources / _cციალა ლომაია ; [რედ. ბ. ზარნაძე] ; თბილ. საბანკო-საფინანსო ინ-ტი. |
||
| 264 |
_aთბილისი : _b[ევროპული უნ-ტი], _c2009. |
||
| 300 |
_a317 გვ.; _b20სმ. |
||
| 504 | _aბიბლიოგრ.: გვ. 302-303 | ||
| 653 | _aადამიანური რესურსების მენეჯმენტი | ||
| 700 |
_aზარნაძე, ბ. _eრედაქტორი _918511 |
||
| 710 |
_aთბილ. საბანკო-საფინანსო ინ-ტი. _918512 |
||
| 942 |
_cBK _2udc |
||